Các quan hệ trong quá trình hình thành tập số tự nhiên

Quan hệ tương đương giữa các tập hợp. Quan hệ thứ tự trên tập số tự nhiên. Bài tập

Wedi'i Gadw mewn:
Manylion Llyfryddiaeth
Prif Awdur: Vũ, Thị Tường Minh (Tác giả)
Awduron Eraill: Phan, Thị Quản Th.S (Hướng dẫn)
Fformat: Llyfr
Iaith:Vietnamese
Cyhoeddwyd: Đại học Đà Nẵng Trường Đại Học Sư Phạm 2011
Cyfres:Báo cáo nghiên cứu khoa học. Chuyên ngành : Sư phạm Toán
Pynciau:
Tagiau: Ychwanegu Tag
Dim Tagiau, Byddwch y cyntaf i dagio'r cofnod hwn!
Thư viện lưu trữ: Mạng thư viện Đại học Đà Nẵng
LEADER 01361nam a2200337 4500
001 000012764
003 9082
005 20120228110201.0
008 120228s2011 viesd
041 |a vie 
072 |a Công trình nghiên cứu khoa học 
082 |a 513  |b VU-M 
100 |a Vũ, Thị Tường Minh  |e Tác giả 
245 |a Các quan hệ trong quá trình hình thành tập số tự nhiên  |c Vũ, Thị Tường Minh 
260 |a Đại học Đà Nẵng  |b Trường Đại Học Sư Phạm  |c 2011 
300 |a 27 tr.  |c 29 cm 
490 |a Báo cáo nghiên cứu khoa học. Chuyên ngành : Sư phạm Toán 
500 |a Tham khảo tr.27 
520 |a Quan hệ tương đương giữa các tập hợp. Quan hệ thứ tự trên tập số tự nhiên. Bài tập 
653 |a tập số tự nhiên 
700 |a Phan, Thị Quản  |c Th.S  |e Hướng dẫn 
OWN |a LSP 
AVA |a UDN50  |b LSP  |d 513 VU-M  |e available  |t Error 5001 Not defined in file expand_doc_bib_avail.  |f 1  |g 0  |h N  |i 0  |k 1 
999 |a From the UDN01 
AVA |a UDN50  |b LSP  |d 513 VU-M  |e available  |t Error 5001 Not defined in file expand_doc_bib_avail.  |f 1  |g 0  |h N  |i 0  |k 1 
TYP |a Monograph 
TYP |a Printed language 
980 |a Mạng thư viện Đại học Đà Nẵng